Možnosti využitia finančnej podpory z programu SAPARD

Sapard ako špeciálny predvstupný program, ktorý je určený na riešenie problémov pri adaptácii poľnohospodárskeho sektora a vidieckych oblastí v kandidátskych krajinách na vstup do EÚ. Možnosti, ktoré pogram Shapard ponúka. Poskytovanie finančných prostriedkov a priority programu Shapard.

Na minha lista:
Detalhes bibliográficos
Autor principal: Glosíková, Klára
Formato: Capítulo de Livro
Idioma:eslovaco
Assuntos:
Tags: Adicionar Tag
Sem tags, seja o primeiro a adicionar uma tag!

MARC

LEADER 00000naa a2200000 4500
001 r046708
005 20231002123619.1
041 0 |a slo 
044 |a SK 
245 1 0 |a Možnosti využitia finančnej podpory z programu SAPARD  |c Klára Glosíková 
520 |a Sapard ako špeciálny predvstupný program, ktorý je určený na riešenie problémov pri adaptácii poľnohospodárskeho sektora a vidieckych oblastí v kandidátskych krajinách na vstup do EÚ. Možnosti, ktoré pogram Shapard ponúka. Poskytovanie finančných prostriedkov a priority programu Shapard. 
610 2 0 |a spolupráca hospodárska medzinárodná 
610 2 0 |a poľnohospodárstvo 
610 2 0 |a podpora podnikania 
610 2 0 |a pomoc rozvojová 
610 2 0 |a Slovensko 
610 2 0 |a Európska únia 
100 1 |a Glosíková, Klára